| 000 | 00000nas 2200000za 4500 |
| 001 | 9.805715 |
| 003 | CaOODSP |
| 005 | 20221107135721 |
| 007 | cr ||||||||||| |
| 008 | 151109d20052007oncar p o f000#a0eng|d |
| 022 | |a2293-1740 |
| 040 | |aCaOODSP|beng |
| 043 | |an-cn--- |
| 086 | 1 |aSC100-8E-PDF |
| 110 | 2 |aCanada School of Public Service. |
| 222 | 0|aEstimates |b(Canada School of Public Service) |
| 245 | 10|aEstimates |h[electronic resource] : |breport on plans and priorities / |cCanada School of Public Service. |
| 246 | 30|aReport on plans and priorities |
| 260 | |a[Ottawa] : |bCanada School of Public Service, |c[2004-2007?] |
| 310 | |aAnnual |
| 362 | 1 |aBegan with 2004/2005; ceased with 2006/2007. |
| 500 | |aIssued also in French under title: Budget des dépenses de ... (École de la fonction publique du Canada). |
| 692 | 07|2gccst|aPublic service |
| 775 | 08|tBudget des dépenses de ... |w(CaOODSP)9.805719 |
| 785 | 00|tReport on plans and priorities |w(CaOODSP)9.506637 |